Nomi dei calciatori - Quiz n°59 - Statistics

Statistiche generali
  • Questo quiz è stato fatto 39 volte
  • Il punteggio medio è 8 su 9
Statistiche sulle risposte
Hint Risposta % Corretto
Mina Yerry
100%
De Rossi Daniele
97%
Dimarco Federico
97%
Rashford Marcus
97%
Defrel Grégoire
94%
Alexander-Arnold Trent
91%
Grifo Vicenzo
91%
Kompany Vincent
88%
Hallfreðsson Emil
74%
Nessun quiz corrispondente trovato
Distribuzione punteggi
Percentuale di utenti per punteggio
Percentile per numero di risposta
I tuoi punteggi nel tempo
Non hai fatto questo quiz